[Event "Mittelrhein Regionalliga 18/19"]
[Site "Nordrheinwestfalen"]
[Date "2019.01.20"]
[Round "6.5"]
[White "Penker, Harald"]
[Black "Orentlikher, Mikhail"]
[Result "0-1"]
[WhiteElo "2094"]
[BlackElo "2012"]
[PlyCount "60"]
[EventDate "2018.10.28"]
[EventType "team-tourn"]
[EventRounds "11"]
[EventCountry "GER"]
[SourceTitle "EXT 2022"]
[Source "ChessBase"]
[SourceDate "2021.10.06"]
[SourceVersion "1"]
[SourceVersionDate "2021.10.06"]
[SourceQuality "1"]
[WhiteTeam "Wuerselen"]
[BlackTeam "Koeln Ford SF"]
[WhiteTeamCountry "GER"]
[BlackTeamCountry "GER"]

1. e4 g6 2. d4 Bg7 3. Nc3 a6 4. Be3 d6 5. Qd2 b5 6. h4 Nf6 7. f3 Nbd7 8. Bh6 Bxh6 9. Qxh6 c5 10. dxc5 Nxc5 11. g4 Qa5 12. Qd2 h5 13. g5 Nfd7 14. Qd4 0-0 15. a3 Ne6 16. Qd2 Bb7 17. Nh3 Ne5 18. Be2 Nc4 19. Bxc4 bxc4 20. f4 Rab8 21. 0-0 Qc5+ 22. Kh2 Bc6 23. Rab1 Nd4 24. Ng1 Rb7 25. Rfe1 Rfb8 26. Nd1 d5 27. exd5 Qxd5 28. Ne3 Qh1+ 29. Kg3 Nf3 30. Nxf3 Qxf3+ 0-1

[Event "Mittelrhein Verbandsliga-M 16/17"]
[Site "Nordrheinwestfalen"]
[Date "2017.04.09"]
[Round "10.1"]
[White "Maric, Boris"]
[Black "Orentlikher, Mikhail"]
[Result "0-1"]
[WhiteElo "2033"]
[BlackElo "2038"]
[PlyCount "98"]
[EventDate "2016.09.11"]
[EventType "team-tourn"]
[EventRounds "11"]
[EventCountry "GER"]
[SourceTitle "EXT 2022"]
[Source "ChessBase"]
[SourceDate "2021.10.06"]
[SourceVersion "1"]
[SourceVersionDate "2021.10.06"]
[SourceQuality "1"]
[WhiteTeam "Gruenfeld"]
[BlackTeam "Koeln Ford SF"]
[WhiteTeamCountry "GER"]
[BlackTeamCountry "GER"]

1. c4 Nf6 2. g3 g6 3. Bg2 Bg7 4. Nc3 e5 5. e4 d6 6. Nge2 Be6 7. d3 Qd7 8. 0-0 h5 9. h4 Nh7 10. Be3 Nc6 11. Qd2 Nd4 12. Bh6 Nxe2+ 13. Nxe2 Bxh6 14. Qxh6 g5 15. hxg5 0-0-0 16. g6 fxg6 17. Qe3 Kb8 18. f3 g5 19. b4 Rdg8 20. a4 h4 21. g4 Nf6 22. Bh3 Nh5 23. Nc3 c6 24. Kh2 Nf4 25. Rfd1 Qf7 26. Rab1 Rf8 27. Rf1 Rh6 28. c5 Rf6 29. b5 Ka8 30. bxc6 bxc6 31. cxd6 Nxh3 32. Qc5 Qd7 33. Kxh3 Bxg4+ 34. fxg4 Rxf1 35. Rxf1 Rxf1 36. d4 Rf4 37. Kh2 exd4 38. Nd5 cxd5 39. Qxd5+ Kb8 40. Qb3+ Kc8 41. Qc4+ Kb7 42. Qb3+ Ka6 43. e5 Qc6 44. Qb5+ Qxb5 45. axb5+ Kxb5 46. d7 Rf8 47. e6 Kc6 48. e7 Rf2+ 49. Kg1 Kxd7 0-1

[Event "Mittelrhein Verbandsliga-M 16/17"]
[Site "Nordrheinwestfalen"]
[Date "2017.02.19"]
[Round "8.1"]
[White "Orentlikher, Mikhail"]
[Black "Welches, Torsten"]
[Result "0-1"]
[WhiteElo "2038"]
[BlackElo "1947"]
[PlyCount "80"]
[EventDate "2016.09.11"]
[EventType "team-tourn"]
[EventRounds "11"]
[EventCountry "GER"]
[SourceTitle "EXT 2022"]
[Source "ChessBase"]
[SourceDate "2021.10.06"]
[SourceVersion "1"]
[SourceVersionDate "2021.10.06"]
[SourceQuality "1"]
[WhiteTeam "Koeln Ford SF"]
[BlackTeam "Satranc Club"]
[WhiteTeamCountry "GER"]
[BlackTeamCountry "GER"]

1. c4 Nf6 2. Nc3 c5 3. g3 d5 4. cxd5 Nxd5 5. Bg2 Nc7 6. Nf3 Nc6 7. 0-0 e5 8. d3 Be7 9. Be3 0-0 10. Rc1 Rb8 11. Nd2 Nd4 12. Nc4 f6 13. f4 exf4 14. Bxf4 Nde6 15. Bd2 b6 16. Be1 Bb7 17. e4 Qd7 18. Rc2 Rbd8 19. Rd2 Nd4 20. g4 Ncb5 21. Bg3 Nd6 22. Ne3 Nf7 23. Ncd5 Kh8 24. h4 Bd6 25. Nf4 Qc7 26. Nf5 Nxf5 27. gxf5 Bxf4 28. Bxf4 Ne5 29. Rff2 Rd4 30. Bf1 Rfd8 31. h5 h6 32. Rg2 Qd7 33. Bxe5 fxe5 34. Rg6 Bxe4 35. dxe4 Rxd2 36. Qg4 Qd4+ 37. Kh1 Qf2 38. Bg2 Rd1+ 39. Kh2 Qg1+ 40. Kh3 R8d3+ 0-1

[Event "Mittelrhein Verbandsliga-M 16/17"]
[Site "Nordrheinwestfalen"]
[Date "2017.01.29"]
[Round "7.2"]
[White "Orentlikher, Mikhail"]
[Black "Baer, Marco"]
[Result "0-1"]
[WhiteElo "2038"]
[BlackElo "2101"]
[PlyCount "64"]
[EventDate "2016.09.11"]
[EventType "team-tourn"]
[EventRounds "11"]
[EventCountry "GER"]
[SourceTitle "EXT 2022"]
[Source "ChessBase"]
[SourceDate "2021.10.06"]
[SourceVersion "1"]
[SourceVersionDate "2021.10.06"]
[SourceQuality "1"]
[WhiteTeam "Koeln Ford SF"]
[BlackTeam "Leverkusen SC Bayer"]
[WhiteTeamCountry "GER"]
[BlackTeamCountry "GER"]

1. d4 Nf6 2. g3 c5 3. Nf3 cxd4 4. Nxd4 d5 5. Bg2 g6 6. c4 dxc4 7. Qa4+ Nbd7 8. Bf4 Bg7 9. Nb5 0-0 10. Bc7 Nb6 11. Qa3 Qd7 12. N1c3 Nbd5 13. Ba5 a6 14. Rd1 axb5 15. Nxd5 Nxd5 16. Rxd5 Qc6 17. 0-0 Bh3 18. e4 Bxg2 19. Kxg2 b6 20. Qxe7 bxa5 21. Rd6 Qe8 22. Qb7 Rb8 23. Qd5 Qe5 24. Qd2 Qxe4+ 25. f3 Qe5 26. Rf2 b4 27. Rd5 Qc7 28. Rd7 Qc8 29. Ra7 c3 30. bxc3 bxc3 31. Qf4 Rb2 32. Rc7 Qe6 0-1

[Event "Mittelrhein Regionalliga 15/16"]
[Site "Nordrheinwestfalen"]
[Date "2016.02.21"]
[Round "7.3"]
[White "Reinemer, Frank"]
[Black "Orentlikher, Mikhail"]
[Result "1-0"]
[WhiteElo "2114"]
[BlackElo "2044"]
[PlyCount "57"]
[EventDate "2015.09.27"]
[EventType "team-tourn"]
[EventRounds "9"]
[EventCountry "GER"]
[SourceTitle "EXT 2022"]
[Source "ChessBase"]
[SourceDate "2021.10.06"]
[SourceVersion "1"]
[SourceVersionDate "2021.10.06"]
[SourceQuality "1"]
[WhiteTeam "Langenfeld"]
[BlackTeam "Koeln Ford SF"]
[WhiteTeamCountry "GER"]
[BlackTeamCountry "GER"]

1. d4 Nf6 2. c4 g6 3. Nc3 Bg7 4. e4 d6 5. f4 c5 6. d5 0-0 7. Nf3 e6 8. Be2 exd5 9. cxd5 Re8 10. e5 Ng4 11. h3 Nh6 12. 0-0 Nf5 13. Bc4 Nd7 14. e6 Nb6 15. Bb5 Re7 16. g4 Nd4 17. f5 gxf5 18. gxf5 Nxf5 19. Bg5 f6 20. Nh4 Nd4 21. Rxf6 Bxf6 22. Bxf6 Rg7+ 23. Bxg7 Qxh4 24. Bxd4 cxd4 25. Qf3 Qg5+ 26. Kh1 Qe7 27. Rg1+ Kh8 28. Qg4 Bxe6 29. Qxd4+ 1-0

[Event "Mittelrhein Regionalliga 15/16"]
[Site "Nordrheinwestfalen"]
[Date "2016.01.10"]
[Round "5.3"]
[White "Mueller, Norbert"]
[Black "Orentlikher, Mikhail"]
[Result "1/2-1/2"]
[WhiteElo "2029"]
[BlackElo "2071"]
[PlyCount "95"]
[EventDate "2015.09.27"]
[EventType "team-tourn"]
[EventRounds "9"]
[EventCountry "GER"]
[SourceTitle "EXT 2022"]
[Source "ChessBase"]
[SourceDate "2021.10.06"]
[SourceVersion "1"]
[SourceVersionDate "2021.10.06"]
[SourceQuality "1"]
[WhiteTeam "Aachen PTSV"]
[BlackTeam "Koeln Ford SF"]
[WhiteTeamCountry "GER"]
[BlackTeamCountry "GER"]

1. d4 Nf6 2. c4 g6 3. Nc3 Bg7 4. e4 d6 5. f3 0-0 6. Be3 c5 7. Nge2 Nc6 8. Qd2 Nd7 9. d5 Nce5 10. Nc1 Nb6 11. b3 e6 12. a4 Qh4+ 13. Bf2 Qf6 14. N1a2 exd5 15. cxd5 c4 16. bxc4 Nbxc4 17. Bxc4 Nxc4 18. Qe2 Ne5 19. 0-0 h5 20. Rfd1 h4 21. h3 Bh6 22. Be3 Bf4 23. Nb5 a6 24. Nd4 Bd7 25. Nb4 Rac8 26. Bxf4 Qxf4 27. Nd3 Nxd3 28. Qxd3 Rc7 29. Ne2 Qf6 30. f4 Rfc8 31. Qe3 Rc4 32. e5 Qe7 33. Nd4 Bxa4 34. e6 Bxd1 35. Rxd1 Rc3 36. Qf2 fxe6 37. dxe6 R8c5 38. Re1 Rd3 39. f5 gxf5 40. Nxf5 Rxf5 41. Qxf5 Rg3 42. Rc1 Rg5 43. Rc8+ Kg7 44. Qe4 Re5 45. Qg4+ Rg5 46. Qe4 Re5 47. Qg4+ Rg5 48. Qe4 1/2-1/2

[Event "Mittelrhein Regionalliga 15/16"]
[Site "Nordrheinwestfalen"]
[Date "2015.11.15"]
[Round "3.3"]
[White "Lytchak, Boris"]
[Black "Orentlikher, Mikhail"]
[Result "1/2-1/2"]
[WhiteElo "2118"]
[BlackElo "2071"]
[PlyCount "84"]
[EventDate "2015.09.27"]
[EventType "team-tourn"]
[EventRounds "9"]
[EventCountry "GER"]
[SourceTitle "EXT 2022"]
[Source "ChessBase"]
[SourceDate "2021.10.06"]
[SourceVersion "1"]
[SourceVersionDate "2021.10.06"]
[SourceQuality "1"]
[WhiteTeam "Porz SG III"]
[BlackTeam "Koeln Ford SF"]
[WhiteTeamCountry "GER"]
[BlackTeamCountry "GER"]

1. e4 e5 2. Nf3 Nc6 3. Bb5 a6 4. Ba4 Nf6 5. 0-0 d6 6. Re1 b5 7. Bb3 Na5 8. d4 Nxb3 9. axb3 Nd7 10. c4 Bb7 11. Nc3 c6 12. d5 Be7 13. Be3 0-0 14. dxc6 Bxc6 15. Nd5 f5 16. exf5 Rxf5 17. Qd3 Rh5 18. Red1 Bf8 19. g4 Rh3 20. Kg2 Rxf3 21. Kxf3 Qh4 22. Qf5 Nf6 23. Ke2 Bxd5 24. cxd5 Nxg4 25. h3 Nxe3 26. fxe3 h6 27. Qg4 Qd8 28. Rdc1 Be7 29. Rc6 a5 30. Rac1 Bf8 31. Rc8 Rxc8 32. Rxc8 Qf6 33. Qe6+ Qf7 34. Qxd6 Qh5+ 35. Kd2 Qf3 36. Qd8 Qf2+ 37. Kd3 Qf1+ 38. Ke4 Qh1+ 39. Kxe5 Qh2+ 40. Kd4 Qxb2+ 41. Ke4 Qg2+ 42. Kd3 Qf1+ 1/2-1/2

[Event "Mittelrhein Regionalliga 1314"]
[Site "Mittelrhein"]
[Date "2013.09.15"]
[Round "1.6"]
[White "Voss, Andreas"]
[Black "Orentlikher, Mikhail"]
[Result "1/2-1/2"]
[WhiteElo "2037"]
[BlackElo "2057"]
[PlyCount "131"]
[EventDate "2013.09.15"]
[EventType "team-tourn"]
[EventRounds "11"]
[EventCountry "GER"]
[SourceTitle "EXT 2023"]
[Source "ChessBase"]
[SourceDate "2022.10.05"]
[SourceVersion "1"]
[SourceVersionDate "2022.10.05"]
[SourceQuality "1"]
[WhiteTeam "Bruehl"]
[BlackTeam "Koeln Ford SF"]
[WhiteTeamCountry "GER"]
[BlackTeamCountry "GER"]

1. e4 g6 2. d4 Bg7 3. Nc3 d6 4. Be3 a6 5. Qd2 b5 6. Bd3 Nd7 7. d5 Ne5 8. Nge2 c5 9. dxc6 Nxc6 10. 0-0-0 Bd7 11. h4 h5 12. Nd5 Rb8 13. Bg5 a5 14. Nec3 Nd4 15. Rhe1 b4 16. Ne2 Ne6 17. Be3 Nf6 18. Nxf6+ Bxf6 19. f4 Qc8 20. Kb1 Nc5 21. e5 dxe5 22. Bxc5 Qxc5 23. Bxg6 Bg4 24. Be4 Bxh4 25. g3 Bxe2 26. Rxe2 Bxg3 27. Rg2 exf4 28. Qd7+ Kf8 29. Bd5 Qd6 30. Qa7 Rd8 31. Rgg1 Qb8 32. Qxa5 Bf2 33. Rgf1 Be3 34. Bxf7 Rxd1+ 35. Rxd1 Kxf7 36. Qf5+ Ke8 37. Qg6+ Kf8 38. Qf5+ Kg7 39. Qg5+ Kf7 40. Qf5+ Ke8 41. Qg6+ Kf8 42. Rd5 Qc8 43. Rf5+ Qxf5 44. Qxf5+ Kg8 45. c4 bxc3 46. bxc3 h4 47. Qh3 Kg7 48. c4 Kf6 49. Kc2 Ke5 50. Kc3 Rh6 51. Kb4 Ke4 52. c5 f3 53. Kb5 Bf4 54. c6 Ke3 55. Kb6 Ke2 56. Qg4 Rf6 57. Kb7 h3 58. Qxh3 f2 59. Qg2 Ke1 60. Qe4+ Kd2 61. Qd4+ Ke2 62. Qe4+ Be3 63. Qc2+ Bd2 64. Qe4+ Kd1 65. Qb1+ Ke2 66. Qe4+ 1/2-1/2

[Event "Regionalliga Mittelrhein 1213"]
[Site "Germany"]
[Date "2013.02.03"]
[Round "7.5"]
[White "Orentlikher, Mikhail"]
[Black "Kopp, Jan"]
[Result "1-0"]
[WhiteElo "2069"]
[BlackElo "1975"]
[PlyCount "121"]
[EventDate "2012.09.09"]
[EventType "team"]
[EventRounds "11"]
[EventCountry "GER"]
[SourceTitle "EXT 2015"]
[Source "ChessBase"]
[SourceDate "2014.11.20"]
[SourceVersion "1"]
[SourceVersionDate "2014.11.20"]
[SourceQuality "1"]
[WhiteTeam "Koeln Ford SF"]
[BlackTeam "Godesberg IV"]
[WhiteTeamCountry "GER"]
[BlackTeamCountry "GER"]

1. Nf3 c5 2. c4 g6 3. d4 cxd4 4. Nxd4 Bg7 5. g3 Nc6 6. Nc2 Nf6 7. Bg2 0-0 8. 0-0 d6 9. Nc3 Nd7 10. Qd2 Nc5 11. Rd1 a5 12. b3 Bf5 13. Ba3 Bxc2 14. Qxc2 Nb4 15. Qd2 Qb6 16. Rab1 Bxc3 17. Qxc3 Nxa2 18. Qe3 Rfe8 19. Bxc5 Qxc5 20. Qxc5 dxc5 21. Rd7 Nc3 22. Re1 Rad8 23. Rxb7 Rb8 24. Ra7 Rxb3 25. Rxa5 Rc8 26. Kf1 Rb2 27. Bf3 Nb1 28. Kg2 Nd2 29. Rc1 Nb3 30. Rb5 Nxc1 31. Rxb2 Rd8 32. Rb5 Rd2 33. Rxc5 Nxe2 34. Rc8+ Kg7 35. c5 Nd4 36. Bb7 Ne6 37. Be4 Kf6 38. c6 Ke5 39. Bf3 Rc2 40. Bd1 Rc1 41. Bb3 h5 42. h4 Rc3 43. Ba2 Kd6 44. Kf1 Ke5 45. Ke1 Rc2 46. Bb3 Rc3 47. c7 Kd6 48. Kd2 Rc5 49. Kd3 Rc6 50. Bxe6 Kxe6 51. Kd4 Kd7 52. Rf8 f5 53. Ke5 Kxc7 54. Kf4 Rc4+ 55. Kg5 Rg4+ 56. Kh6 Kd7 57. Rg8 f4 58. Rxg6 fxg3 59. Rxg4 hxg4 60. fxg3 Ke8 61. Kg5 1-0

[Event "NRW Class2 1112"]
[Site "Germany"]
[Date "2012.03.04"]
[Round "7.5"]
[White "Orentlikher, Mikhail"]
[Black "Woestmann, Ulrich"]
[Result "0-1"]
[WhiteElo "2025"]
[BlackElo "2003"]
[PlyCount "100"]
[EventDate "2011.09.18"]
[EventType "team-tourn"]
[EventRounds "9"]
[EventCountry "GER"]
[SourceTitle "EXT 2015"]
[Source "ChessBase"]
[SourceDate "2014.11.20"]
[SourceVersion "1"]
[SourceVersionDate "2014.11.20"]
[SourceQuality "1"]
[WhiteTeam "Koeln Ford SF"]
[BlackTeam "Sendenhorst"]
[WhiteTeamCountry "GER"]
[BlackTeamCountry "GER"]

1. d4 Nf6 2. c4 g6 3. Nc3 d5 4. g3 Bg7 5. Bg2 c6 6. Nf3 0-0 7. 0-0 Ne4 8. Qb3 Nxc3 9. bxc3 dxc4 10. Qxc4 Nd7 11. Rd1 Nb6 12. Qd3 Be6 13. e4 f6 14. Nd2 f5 15. f3 fxe4 16. fxe4 Qd7 17. Nb3 Bc4 18. Qc2 Rad8 19. Be3 Qc7 20. Rab1 e5 21. Nc5 Bf7 22. Bg5 exd4 23. Bxd8 Rxd8 24. cxd4 Bxd4+ 25. Kh1 Qe7 26. Nb3 Bf6 27. Rxd8+ Qxd8 28. Rd1 Qe7 29. Nc5 Nc4 30. Qf2 Ne5 31. Nxb7 Ng4 32. Qxa7 c5 33. Qb8+ Kg7 34. Qf4 h5 35. h3 Bg5 36. Qf3 Ne5 37. Qc3 c4 38. Nd8 Bf6 39. Nxf7 Nd3 40. Qc2 Qxf7 41. Bf1 Ne5 42. a4 Bg5 43. Qc3 Kh7 44. Be2 Nd3 45. Rf1 Qe6 46. Kh2 Ne5 47. a5 Bf6 48. Bxc4 Qd6 49. Kg2 h4 50. g4 Nxg4 0-1

[Event "NRW Class2 1112"]
[Site "Germany"]
[Date "2011.12.04"]
[Round "4.6"]
[White "Orentlikher, Mikhail"]
[Black "Ackermann, Hans Werner"]
[Result "0-1"]
[WhiteElo "2025"]
[BlackElo "2240"]
[PlyCount "178"]
[EventDate "2011.09.18"]
[EventType "team-tourn"]
[EventRounds "9"]
[EventCountry "GER"]
[SourceTitle "EXT 2015"]
[Source "ChessBase"]
[SourceDate "2014.11.20"]
[SourceVersion "1"]
[SourceVersionDate "2014.11.20"]
[SourceQuality "1"]
[WhiteTeam "Koeln Ford SF"]
[BlackTeam "Dortmund Hansa II"]
[WhiteTeamCountry "GER"]
[BlackTeamCountry "GER"]

1. Nf3 c5 2. c4 Nc6 3. g3 g6 4. d4 cxd4 5. Nxd4 Bg7 6. Nxc6 dxc6 7. Qxd8+ Kxd8 8. Bg2 Bg4 9. h3 Be6 10. Nd2 Kc7 11. 0-0 Nh6 12. e4 Rhd8 13. Rb1 Rd3 14. b3 Rad8 15. Nf3 f6 16. Bf4+ Kc8 17. Rfc1 Nf7 18. Be3 Bh6 19. Bxh6 Nxh6 20. Kf1 Nf7 21. Ke1 Kc7 22. Rd1 c5 23. Rxd3 Rxd3 24. Rd1 Rxd1+ 25. Kxd1 g5 26. Kd2 h6 27. h4 b6 28. Kc3 Bd7 29. hxg5 hxg5 30. Bf1 Bc6 31. Nd2 Ne5 32. Be2 Bd7 33. Nf1 Bc6 34. Nd2 Bb7 35. Bh5 Nc6 36. Nf3 Kd6 37. Bg6 e6 38. Bh7 Ke7 39. Bg6 g4 40. Nd2 Ne5 41. Bh5 f5 42. exf5 exf5 43. a3 a5 44. b4 a4 45. Nf1 Bc6 46. Ne3 Ke6 47. b5 Be4 48. Nd1 Bd3 49. Nb2 Be2 50. Be8 Kd6 51. Nxa4 Nxc4 52. Kb3 Bd1+ 53. Kxc4 Bxa4 54. Kd3 Ke5 55. Bd7 Bd1 56. Bc6 Bb3 57. Kc3 Be6 58. Bg2 Kd6 59. Bf1 Ke5 60. Be2 Bd5 61. a4 Be4 62. Bc4 Bf3 63. Bb3 Be2 64. Kd2 Bf1 65. Ke3 Bg2 66. Bc2 Bd5 67. Bd1 Be4 68. Bb3 Bf3 69. Bc2 Bd5 70. Kd2 Be6 71. Kc3 Bd5 72. Bd3 Bf3 73. Bc2 Be2 74. Bb3 Bf3 75. Kb2 Be4 76. Bf7 Kd4 77. Be8 c4 78. Bc6 c3+ 79. Kc1 Kc5 80. Bxe4 fxe4 81. Kc2 Kb4 82. a5 Kxa5 83. Kxc3 Kxb5 84. Kd4 Ka4 85. Kxe4 b5 86. f4 gxf3 87. Kxf3 b4 88. Ke3 b3 89. Kd2 Ka3 0-1

[Event "NRW Class2 1112"]
[Site "Germany"]
[Date "2011.11.13"]
[Round "3.6"]
[White "Quelle, Helmut"]
[Black "Orentlikher, Mikhail"]
[Result "1-0"]
[WhiteElo "2100"]
[BlackElo "2025"]
[PlyCount "131"]
[EventDate "2011.09.18"]
[EventType "team-tourn"]
[EventRounds "9"]
[EventCountry "GER"]
[SourceTitle "EXT 2015"]
[Source "ChessBase"]
[SourceDate "2014.11.20"]
[SourceVersion "1"]
[SourceVersionDate "2014.11.20"]
[SourceQuality "1"]
[WhiteTeam "Herford"]
[BlackTeam "Koeln Ford SF"]
[WhiteTeamCountry "GER"]
[BlackTeamCountry "GER"]

1. Nf3 Nf6 2. g3 g6 3. Bg2 Bg7 4. 0-0 0-0 5. c4 d6 6. d4 Nbd7 7. Nc3 e5 8. h3 Re8 9. dxe5 dxe5 10. Bg5 h6 11. Be3 Qe7 12. Qd2 Kh7 13. Rad1 c6 14. b3 Nc5 15. Ne1 Bf5 16. g4 Rad8 17. Qc1 Rxd1 18. Qxd1 Bc8 19. Nd3 Nfd7 20. Nxc5 Nxc5 21. Bxc5 Qxc5 22. Ne4 Qf8 23. Qd6 Qh8 24. Qc7 Rf8 25. Nd6 f5 26. gxf5 gxf5 27. Nxc8 Rxc8 28. Qxb7 e4 29. f3 Qd8 30. fxe4 Rc7 31. Qb4 Bd4+ 32. Kh1 Rg7 33. Qd2 Qf6 34. exf5 Bc3 35. Qf4 Be5 36. Qe4 Rg3 37. Rd1 Kh8 38. Qxc6 Rxh3+ 39. Kg1 Bh2+ 40. Kf1 Qxf5+ 41. Bf3 Be5 42. Qe8+ Kh7 43. Qd7+ Kg6 44. Qxf5+ Kxf5 45. Kf2 Rg3 46. Rh1 Rg6 47. Rh5+ Ke6 48. Ke3 Bc7 49. b4 Rf6 50. Kd3 Rg6 51. c5 Bf4 52. Rd5 Rg1 53. Ke4 Bc7 54. Rh5 Rg6 55. a4 Bb8 56. a5 a6 57. Kd4 Bg3 58. Bd5+ Kd7 59. Rf5 Be1 60. Kc4 Rg4+ 61. e4 Rg3 62. c6+ Kc7 63. Rf7+ Kd6 64. e5+ Kxe5 65. Re7+ Kd6 66. Re6+ 1-0

[Event "Cologne Ford op"]
[Site "Cologne"]
[Date "2010.05.31"]
[Round "6"]
[White "Orentlikher, Mikhail"]
[Black "Zotkin, Alexander"]
[Result "1-0"]
[WhiteElo "1994"]
[BlackElo "1892"]
[PlyCount "53"]
[EventDate "2010.04.19"]
[EventType "swiss"]
[EventRounds "7"]
[EventCountry "GER"]
[SourceTitle "EXT 2011"]
[Source "ChessBase"]
[SourceDate "2010.11.26"]
[SourceVersion "1"]
[SourceVersionDate "2010.11.26"]
[SourceQuality "1"]

1. Nf3 Nf6 2. c4 c6 3. d4 e6 4. Nc3 d5 5. Bg5 Be7 6. e3 h6 7. Bh4 Nbd7 8. Bd3 0-0 9. 0-0 b6 10. cxd5 exd5 11. Rc1 Bb7 12. Bb1 Re8 13. Qd3 Nf8 14. Ne5 N6d7 15. Bxe7 Qxe7 16. f4 f6 17. Nxd7 Qxd7 18. Rf3 Qe6 19. Ne2 Re7 20. Ng3 Rc7 21. Nf5 Bc8 22. Qa3 Bd7 23. Rg3 g6 24. Ne7+ Kf7 25. Nxg6 c5 26. dxc5 Rac8 27. Nxf8 1-0

[Event "Cologne Ford op"]
[Site "Cologne"]
[Date "2010.05.10"]
[Round "4"]
[White "Orentlikher, Mikhail"]
[Black "Schreiber, Peter"]
[Result "1-0"]
[WhiteElo "1994"]
[BlackElo "1781"]
[PlyCount "67"]
[EventDate "2010.04.19"]
[EventType "swiss"]
[EventRounds "7"]
[EventCountry "GER"]
[SourceTitle "EXT 2011"]
[Source "ChessBase"]
[SourceDate "2010.11.26"]
[SourceVersion "1"]
[SourceVersionDate "2010.11.26"]
[SourceQuality "1"]

1. c4 Nf6 2. Nc3 g6 3. e4 d6 4. d4 Bg7 5. Be2 0-0 6. Nf3 e5 7. 0-0 Nc6 8. d5 Ne7 9. Ne1 Nd7 10. Be3 f5 11. f3 f4 12. Bf2 a5 13. Nd3 b6 14. a3 Nc5 15. b4 axb4 16. axb4 Rxa1 17. Qxa1 Nxd3 18. Bxd3 Bd7 19. c5 g5 20. Bb5 g4 21. cxd6 cxd6 22. Bxd7 Qxd7 23. Bxb6 gxf3 24. Rxf3 Rc8 25. b5 Qb7 26. Bf2 Nf5 27. Qa6 Qxa6 28. bxa6 Nd4 29. Bxd4 exd4 30. Nb5 Be5 31. a7 d3 32. Rxd3 Ra8 33. Ra3 Kf7 34. Kf1 1-0